| 000 | 00908cab a2200277 4500 | ||
|---|---|---|---|
| 001 | ABS53614 | ||
| 008 | 090401t1995 xxu||||| |||| 00| 0 eng d | ||
| 035 | _a(Sirsi) u5361 | ||
| 041 | _aeng | ||
| 100 | _aCorke, S. | ||
| 245 | _aOccupiers force pace on reviews | ||
| 260 | _c1995 | ||
| 350 | _a0 | ||
| 490 |
_aEstates Times _v(1294) 15 September 1995, 8(1) |
||
| 520 | _aDiscusses recent court decisions which suggest tenants may be able to initiate rent reviews. | ||
| 650 | _aCHEAPSIDE LAND DEVELOPMENT CO V MESSELS SERVICE CO | ||
| 650 | _aFALLING MARKET | ||
| 650 | _aHARBEN STYLE LTD V THE RHODES TRUST | ||
| 650 | _aRENT REVIEWS | ||
| 650 | _aROYAL BANK OF SCOTLAND PLC V JENNINGS AND OTHERS | ||
| 650 | _aSUDBROOK TRADING ESTATE V EGGLETON | ||
| 650 | _aTHOMAS COOK GROUP LIMITED V RHODES TRUST | ||
| 690 | _aLANDLORD AND TENANT-RENT REVIEWS | ||
| 942 | _n0 | ||
| 948 | _c04/03/1997 | ||
| 999 |
_c3189 _d3189 |
||